Uganda : Technical Assistance Report-Developing the Charter for Fiscal Responsibility.

This Technical Assistance Report discusses recommendations for developing a 'Charter for Fiscal Responsibility' in Uganda. Publication of a 'Charter for Fiscal Responsibility' at the start of each new Parliament is a requirement of Uganda's new Public Financial Management Ac...

ver descrição completa

Detalhes bibliográficos
Autor Corporativo: International Monetary Fund. Fiscal Affairs Dept
Formato: Periódico
Idioma:English
Publicado em: Washington, D.C. : International Monetary Fund, 2017.
Colecção:IMF Staff Country Reports; Country Report ; No. 2017/268
Acesso em linha:Full text available on IMF
LEADER 01739cas a2200241 a 4500
001 AALejournalIMF017921
008 230101c9999 xx r poo 0 0eng d
020 |c 5.00 USD 
020 |z 9781484317747 
022 |a 1934-7685 
040 |a BD-DhAAL  |c BD-DhAAL 
110 2 |a International Monetary Fund.  |b Fiscal Affairs Dept. 
245 1 0 |a Uganda :   |b Technical Assistance Report-Developing the Charter for Fiscal Responsibility. 
264 1 |a Washington, D.C. :  |b International Monetary Fund,  |c 2017. 
300 |a 1 online resource (25 pages) 
490 1 |a IMF Staff Country Reports 
500 |a <strong>Off-Campus Access:</strong> No User ID or Password Required 
500 |a <strong>On-Campus Access:</strong> No User ID or Password Required 
506 |a Electronic access restricted to authorized BRAC University faculty, staff and students 
520 3 |a This Technical Assistance Report discusses recommendations for developing a 'Charter for Fiscal Responsibility' in Uganda. Publication of a 'Charter for Fiscal Responsibility' at the start of each new Parliament is a requirement of Uganda's new Public Financial Management Act. The Charter should set out measurable medium-term objectives for fiscal policy, and explain the methodology, data, and procedures by which performance against the objectives would be measured. The Charter should also be used to develop transparent fiscal reporting requirements and establish the role of fiscal objectives in underpinning the annual budget process. 
538 |a Mode of access: Internet 
830 0 |a IMF Staff Country Reports; Country Report ;  |v No. 2017/268 
856 4 0 |z Full text available on IMF  |u http://elibrary.imf.org/view/journals/002/2017/268/002.2017.issue-268-en.xml  |z IMF e-Library